No Bois Man No Fraid: Dois Jovens Artistas Marciais Trinitários Encontram Kalinda.

This documentary directed by Christopher Laird traces efforts to research and revive Kalinda, a traditional form of martial arts, in Trinidad.

Bibliographic Details
Other Authors: (1945), Christopher Laird (Director, Producer), Rondel, Benjamin (Producer), Taylor, Keegan (Producer)
Format: Video
Language:English
Language Notes:In English.
Published: Port of Spain : Banyan Archive, 2013.
Subjects:
Online Access:Connect to this streaming video (Alexander Street Press)

MARC

Tag First Indicator Second Indicator Subfields
LEADER 00000cgm a2200000Mi 4500
001 in00005596421
006 m o c
007 cr |n||||||||a
007 vz |za|z|
008 210917s2013 xx 078 e o vneng d
005 20241201233818.1
035 |a (OCoLC)on1339507485 
040 |a Q2U  |b eng  |e rda  |c Q2U  |d DXU 
019 |a 1316015351  |a 1380587327  |a 1395768455 
035 |a (OCoLC)1339507485  |z (OCoLC)1316015351  |z (OCoLC)1380587327  |z (OCoLC)1395768455 
049 |a TXAM 
245 0 0 |a No Bois Man No Fraid: Dois Jovens Artistas Marciais Trinitários Encontram Kalinda. 
246 3 3 |a NO BOIS MAN NO FRAID Portuguese Subtitles 
246 3 3 |a No Bois Man No Fraid 
264 1 |a Port of Spain :  |b Banyan Archive,  |c 2013. 
300 |a 1 online resource (78 minutes) 
306 |a 011729 
336 |a two-dimensional moving image  |b tdi  |2 rdacontent 
337 |a computer  |b c  |2 rdamedia 
337 |a video  |b v  |2 rdamedia 
338 |a online resource  |b cr  |2 rdacarrier 
347 |a video file  |2 rda 
520 |a This documentary directed by Christopher Laird traces efforts to research and revive Kalinda, a traditional form of martial arts, in Trinidad. 
586 |a Nominated 2014 African Movie Academy Award for Best Diaspora Documentary 
500 |a Title from resource description page (viewed September 17, 2021). 
546 |a In English. 
650 4 |a Cultural anthropology. 
655 4 |a Documentary. 
700 1 |a (1945), Christopher Laird,  |e director. 
700 1 |a Rondel, Benjamin,  |e producer. 
700 1 |a Taylor, Keegan,  |e producer. 
700 1 |a (1945), Christopher Laird,  |e producer. 
856 4 0 |u http://proxy.library.tamu.edu/login?url=https://www.aspresolver.com/aspresolver.asp?MARC;3259619  |z Connect to this streaming video (Alexander Street Press)  |t 0 
955 |a Alexander Street Press subscription streaming video 
994 |a 92  |b TXA 
999 f f |s 47fede1c-66f4-48a7-baa6-ea6195aed0b8  |i edb53b60-09ad-49b0-8162-a06227cff68e  |t 0 
952 f f |a Texas A&M University  |b College Station  |c Electronic Resources  |d Available Online  |t 0  |h Library of Congress classification 
998 f f |t 0  |l Available Online